[Event "Alcorcon Diagonal op 2nd"]
[Site "Alcorcon"]
[Date "2023.12.26"]
[Round "1"]
[White "Burriel Ureta, Raul"]
[Black "Rodriguez Onsurbe, Daniel"]
[Result "1-0"]
[WhiteElo "1746"]
[BlackElo "1148"]
[PlyCount "67"]
[EventDate "2023.12.26"]
[EventType "swiss"]
[EventRounds "9"]
[EventCountry "ESP"]
[SourceTitle "CBM 217 Extra"]
[Source "ChessBase"]
[SourceDate "2024.01.31"]
[SourceVersion "1"]
[SourceVersionDate "2024.01.31"]
[SourceQuality "1"]

1. e4 e5 2. Bc4 Nc6 3. Nc3 Bc5 4. Qg4 g6 5. Qg3 Nge7 6. Nf3 d6 7. h4 Nd4 8. Kd1 Nec6 9. Ng5 Be6 10. Nxe6 fxe6 11. h5 g5 12. h6 Qf6 13. d3 Rg8 14. Rh5 g4 15. Na4 a6 16. Nxc5 dxc5 17. a4 0-0-0 18. c3 Na5 19. cxd4 Nxc4 20. dxc4 Rxd4+ 21. Ke2 Rxe4+ 22. Be3 Rxc4 23. Qxe5 Qxe5 24. Rxe5 Rc2+ 25. Kd3 Rxb2 26. Rxe6 g3 27. Re7 gxf2 28. Rxh7 Rxg2 29. Rg7 Rb3+ 30. Ke4 Ra3 31. h7 Rh2 32. Rg8+ Kd7 33. Rd1+ Kc6 34. Rg6# 1-0

[Event "San Sebastian Constitucion op"]
[Site "San Sebastian de los Reyes"]
[Date "2021.12.11"]
[Round "8"]
[White "Rodriguez Onsurbe, Daniel"]
[Black "Raskin Calvo, Maximilian"]
[Result "0-1"]
[WhiteElo "1099"]
[BlackElo "1335"]
[PlyCount "76"]
[EventDate "2021.12.04"]
[EventType "swiss"]
[EventRounds "8"]
[EventCountry "ESP"]
[SourceTitle "CBM 206 Extra"]
[Source "ChessBase"]
[SourceDate "2022.03.31"]
[SourceVersion "1"]
[SourceVersionDate "2022.03.31"]
[SourceQuality "1"]

1. e4 c6 2. d4 d5 3. exd5 cxd5 4. Nf3 Nc6 5. Bb5 Bg4 6. Bf4 e6 7. c3 Nge7 8. Nbd2 a6 9. Ba4 b5 10. Bc2 Ng6 11. Bg3 Be7 12. 0-0 0-0 13. Qe1 b4 14. a3 bxc3 15. bxc3 Na5 16. Qe3 Rc8 17. Bd3 Rxc3 18. Qe2 Nc6 19. Qe1 Rxd3 20. Qb1 Rxa3 21. Rxa3 Bxa3 22. Qd3 Bb4 23. Qxa6 Bxd2 24. Qxc6 Bxf3 25. gxf3 Bf4 26. Rd1 Bg5 27. Qc3 Nh4 28. Rd3 Qc8 29. Qb2 Qc4 30. Rb3 h6 31. Bd6 Rc8 32. Bc5 Bf6 33. Rc3 Qa4 34. h3 Qd1+ 35. Kh2 Nxf3+ 36. Kg3 Ng5 37. f3 Qg1+ 38. Kf4 Nxh3# 0-1